Podpora podnikania pomocou služieb typu KIBS v regióne Michalovce diplomová práca

Saved in:
Bibliographic Details
Main Author: Vaľo, Jaroslav
Corporate Author: Podnikovohospodárska fakulta EU so sídlom v Košiciach. Katedra manažmentu
Other Authors: Ferencz, Vojtech
Format: Book
Language:Slovak
Published: Košice 2012
Tags: Add Tag
No Tags, Be the first to tag this record!

MARC

LEADER 00000nbm a2200000 4500
001 0153333
005 20161109102105.6
041 0 |a slo 
044 |a SK 
245 1 0 |a Podpora podnikania pomocou služieb typu KIBS v regióne Michalovce  |b diplomová práca  |c Jaroslav Vaľo ; školiteľ: Vojtech Ferencz 
264 1 |a Košice  |c 2012 
300 |a 62 s. 
100 1 |a Vaľo, Jaroslav 
700 1 |a Ferencz, Vojtech 
710 2 |a Podnikovohospodárska fakulta EU so sídlom v Košiciach. Katedra manažmentu